| 000 | 00499nam a2200193 a 4500 | ||
|---|---|---|---|
| 001 | 9180 | ||
| 003 | CO-ViMGA | ||
| 008 | 141112s2004 ck r 000 u spa d | ||
| 040 |
_aCO-ViMGA _bspa _cCO-ViMGA |
||
| 082 | 0 | 4 | _a658.83 M367 |
| 100 | 1 |
_aMarsholl, John F _99673 |
|
| 245 | 1 | 0 | _aComo entender los Swaps |
| 260 |
_aMexico : _bCECSA, _c1997 |
||
| 300 | _a289p. | ||
| 650 | 1 | 4 |
_aDIAGRAMAS DE FLUJO _96424 |
| 650 | 1 | 4 |
_aFLUJO DEL EFECTIVO _99674 |
| 650 | 1 | 4 |
_aTASA DE CAMBIO _99675 |
| 942 |
_2ddc _cBK |
||
| 999 |
_c20721 _d20721 |
||